000 00447nam a22001577a 4500
005 20241018104539.0
008 241018b |||||||| |||| 00| 0 eng d
020 _a8123909020
050 _aRS91
_bC72 COO
245 _aCooper and Gunn's Dispensing for Pharmaceutical Students
_cedited by S.J. Carter B. Pharm
250 _a12th
260 _aNew Delhi
_bCBS Publishers
_cc1975
300 _aviii,759p
500 _aIncludes index
942 _2lcc
_cBK
_n0
999 _c47
_d47